Radar Electronic Warfare (Record no. 316620)

000 -LEADER
fixed length control field 00379 a2200157 4500
001 - CONTROL NUMBER
control field 81547
020 ## - INTERNATIONAL STANDARD BOOK NUMBER
International Standard Book Number 0930403223
082 ## - DEWEY DECIMAL CLASSIFICATION NUMBER
Classification number 623.3848 GOL
090 ## - LOCALLY ASSIGNED LC-TYPE CALL NUMBER (OCLC); LOCAL CALL NUMBER (RLIN)
-- 39780
-- 39780
100 ## - MAIN ENTRY--PERSONAL NAME
Personal name August Golden JR
245 ## - TITLE STATEMENT
Title Radar Electronic Warfare
260 ## - PUBLICATION, DISTRIBUTION, ETC.
Place of publication, distribution, etc. USA
Name of publisher, distributor, etc. AIAA Education Series
Date of publication, distribution, etc. 1987
300 ## - PHYSICAL DESCRIPTION
Extent viii340
500 ## - GENERAL NOTE
General note DOS BS Reference Books
505 ## - FORMATTED CONTENTS NOTE
Formatted contents note AHQ Books
942 ## - ADDED ENTRY ELEMENTS (KOHA)
Institution code [OBSOLETE] CAENUST
Call number prefix 623.3848 GOL
Holdings
Withdrawn status Lost status Damaged status Not for loan Collection code Permanent Location Current Location Date acquired Total Checkouts Full call number Barcode Date last seen Price effective from Koha item type
          College of Aeronautical Engineering (CAE) College of Aeronautical Engineering (CAE) 04/03/2017   623.3848 GOL CAE82333 04/05/2017 04/05/2017 Book
          College of Aeronautical Engineering (CAE) College of Aeronautical Engineering (CAE) 04/03/2017   623.3848 GOL CAE82335 04/05/2017 04/05/2017 Book
          College of Aeronautical Engineering (CAE) College of Aeronautical Engineering (CAE) 04/03/2017   623.3848 GOL CAE82334 04/05/2017 04/05/2017 Book
© 2023 Central Library, National University of Sciences and Technology. All Rights Reserved.